Obligations and contracts / (Record no. 19672)
[ view plain ]
| 000 -LEADER | |
|---|---|
| fixed length control field | 00610nam a2200229 a 4500 |
| 005 - DATE AND TIME OF LATEST TRANSACTION | |
| control field | 20140310183152.0 |
| 008 - FIXED-LENGTH DATA ELEMENTS--GENERAL INFORMATION | |
| fixed length control field | 021022s19uu xx 00 eng d |
| 020 ## - INTERNATIONAL STANDARD BOOK NUMBER | |
| International Standard Book Number | 9712338118 |
| 050 ## - LIBRARY OF CONGRESS CALL NUMBER | |
| Classification number | KPM 810 |
| Item number | .T67 2003 |
| 100 ## - MAIN ENTRY--PERSONAL NAME | |
| Personal name | Torres, Justo P. |
| 245 ## - TITLE STATEMENT | |
| Title | Obligations and contracts / |
| Statement of responsibility, etc | Justo P. Torres. |
| 260 ## - PUBLICATION, DISTRIBUTION, ETC. (IMPRINT) | |
| Place of publication, distribution, etc | Manila : |
| Name of publisher, distributor, etc | University Book Supply, |
| Date of publication, distribution, etc | 2003. |
| 300 ## - PHYSICAL DESCRIPTION | |
| Extent | 355 p. : |
| Dimensions | 22 cm. |
| 521 ## - TARGET AUDIENCE NOTE | |
| Target audience note | |
| 650 ## - SUBJECT ADDED ENTRY--TOPICAL TERM | |
| Topical term or geographic name as entry element | Obligations ( law ) |
| General subdivision | Philippines |
| 650 ## - SUBJECT ADDED ENTRY--TOPICAL TERM | |
| Topical term or geographic name as entry element | Contracts |
| General subdivision | Philippines |
| 942 ## - ADDED ENTRY ELEMENTS (KOHA) | |
| Koha item type | Books |
| Source of classification or shelving scheme | Library of Congress Classification |
| Call number prefix | Local |
| Withdrawn status | Lost status | Source of classification or shelving scheme | Damaged status | Home library | Current library | Shelving location | Date acquired | Source of acquisition | Cost, normal purchase price | Total Checkouts | Total Renewals | Full call number | Barcode | Checked out | Date last seen | Date checked out | Copy number | Price effective from | Koha item type |
|---|---|---|---|---|---|---|---|---|---|---|---|---|---|---|---|---|---|---|---|
| Library of Congress Classification | College Library | College Library | General Circulation Section | 09/22/2010 | 180.00 | 1 | 11 | KPM 810 .T67 2003 | C5984 | 10/27/2014 | 07/12/2014 | 07/12/2014 | 1 | 10/10/2013 | Books | ||||
| Library of Congress Classification | College Library | College Library | Filipiniana Section | 12/05/2013 | Library Fund | KPM 810 .T67 2000 | C0986 | 05/08/2018 | 2 | 12/05/2013 | Books | ||||||||
| Library of Congress Classification | College Library | College Library | Filipiniana Section | 12/05/2013 | Library Fund | 1 | 5 | KPM 810 .T67 2003 | C5475 | 02/21/2020 | 01/07/2020 | 3 | 12/05/2013 | Books | |||||
| Library of Congress Classification | College Library | College Library | Filipiniana Section | 12/05/2013 | Library Fund | 2 | KPM 810 .T67 2003 | C5513 | 01/29/2020 | 01/20/2020 | 4 | 12/05/2013 | Books |